Journal of the Nigerian Institute of Town Planners (Record no. 38457)

MARC details
000 -LEADER
fixed length control field 00657nam a2200169Ia 4500
022 ## - INTERNATIONAL STANDARD SERIAL NUMBER
ISSN 01898859
050 ## - CALL MARK
Classification number HT 395.N5 .J68/
245 #0 - TITLE STATEMENT
Title Journal of the Nigerian Institute of Town Planners
260 ## - PUBLICATION, DISTRIBUTION, ETC. (IMPRINT)
Place of publication Garki, Abuja.
260 ## - PUBLICATION, DISTRIBUTION, ETC. (IMPRINT)
Name of publisher Nigerian Institute of Town Planners
260 ## - PUBLICATION, DISTRIBUTION, ETC. (IMPRINT)
Year of publication 2019
300 ## - PHYSICAL DESCRIPTION
Number of Pages iv, 136 p. :ill. ; 28 cm.
650 ## - SUBJECT ADDED ENTRY--TOPICAL TERM
Topical Term Nigerian Institute of Town Planners--Periodicals. Regional planning--Nigeria--Periodicals. City planning--Nigeria--Periodicals. Rural development--Nigeria--Periodicals. Community development--Nigeria--Periodicals.
942 ## - ADDED ENTRY ELEMENTS (KOHA)
Koha item type Serials

No items available.